banner-ar

sultan Al-nasir Saladin Al-Ayyubi : (Record no. 60647)

MARC details
000 -الفاتح
حقل البيانات ثابتة الطول 00471nam a22001457a 4500
005 - وقت وتاريخ اخر تعامل مع التسجيلة
رقم الضبط 20240530110421.0
008 - عناصر البيانات ثابتة الطول - معلومات عامة
حقل البيانات ثابتة الطول 150311s2009 ua af f 000 0 ger d
040 ## - مصدر الفهرسة
وكالة الفهرسة الأصلية EG-CaGPL
وكالة النسخ EG-CaGPL
082 04 - رقم تصنيف ديوى العشرى
رقم الطبعة 21
رقم التصنيف 953.07393\
رقم المادة W S
245 01 - بيان العنوان
العنوان sultan Al-nasir Saladin Al-Ayyubi :
بقية العنوان Zwischen Kairo und Damaskus /
بيان المسئوليه,etc herausgegeben von wafaa El-Saddik , mamoun fansa
300 ## - الوصف المادى
التعداد 97 p. :
تفاصيل ماديه اخرى للوعاء ill. ;
أبعاد الوعاء 22 cm.
650 #0 - المدخل الاضافى بالموضوع-مصطلح موضوعى
مصطلح موضوعي sultan Al-nasir Saladin Al-Ayyubi
942 ## - عناصر المدخل الإضافي( كوها)
مصدر التصنيف او مخطط الترفيف Dewey Decimal Classification
Koha [default] item type كتاب
Holdings
حالة التراجع حالة الفقد مصدر التصنيف او خطة الترفيف حالة تلف ليس للاعارة المكان المؤقت الموقع الحالى تاريخ الاكتساب اجمالي اﻻعارات رقم الطلب الباركود تاريخ اخر مشاهدة تاريخ تفعيل السعر نوع وعاء كوها
    ddc     مكتبة القاهرة الكبرى مكتبة القاهرة الكبرى 03/11/2015   953.07393\ W S 159746 03/11/2015 03/11/2015 كتاب

Powered By

EGPV